[Event "Schachbundesliga 2010-11"]
[Site "Bremen GER"]
[Date "2010.10.08"]
[Round "7"]
[White "Luch, Michal"]
[Black "Nyback, Tomi"]
[Result "1-0"]
[WhiteElo "2385"]
[BlackElo "2635"]
[PlyCount "51"]
[EventDate "2010.10.08"]
[EventType "team"]
[EventRounds "15"]
[EventCountry "GER"]
[WhiteTeam "Delmenhorster SK"]
[BlackTeam "Werder Bremen"]

{D30: Damengambit (ohne Sc3)} 1. d4 d5 2. c4 e6 3. Nf3 c6 4. Qc2 Nf6 5. Nbd2
Nbd7 6. g3 dxc4 $146 (6... b6 7. Bg2 Bb7 8. O-O Be7 9. Rd1 O-O 10. e4 Rc8 11.
e5 Ne8 12. b3 c5 13. dxc5 Nxc5 14. Bb2 Nc7 15. Rac1 dxc4 16. Nxc4 Nd5 17. Qe2
b5 18. Ne3 Qa5 19. Nxd5 Bxd5 20. Nd4 Bxg2 21. Kxg2 {Iljushin,A (2515)-Kharlov,
A (2615)/Samara 2000/1-0}) (6... Be7 $5 $14) 7. Nxc4 $16 b5 8. Nce5 Bb7 9. Bg2
(9. Nxc6 $2 Qb6 10. d5 Nxd5 $19) 9... c5 $2 (9... Bb4+ $142 10. Bd2 Bxd2+ 11.
Nxd2 O-O 12. Nxd7 Nxd7 $16) 10. Nxf7 $1 $18 Bxf3 $4 (10... Kxf7 11. Ng5+ {
Ablenkung}) (10... -- $140 11. Nxd8 {Materialgewinn}) 11. Nxd8 Bxg2 12. Nxe6
Bxh1 13. f3 Rc8 (13... Ke7 14. Nxf8 Rhxf8 15. dxc5 $18) 14. Kf2 Rc6 15. d5 $1
Nxd5 (15... Nxd5 16. Nxf8 Nxf8 (16... Kxf8 17. Qf5+ {Doppelangriff}) (16...
Rxf8 17. Qe4+ {Doppelangriff}) 17. Qe4+ {Doppelangriff}) (15... -- $140 16.
dxc6 {Materialgewinn}) 16. Nxf8 Kxf8 17. Bd2 Bxf3 18. exf3 (18. Kxf3 $143 N5f6
$18) 18... N7f6 (18... c4 19. g4 h6 20. Rd1 $18) 19. a4 b4 (19... bxa4 20. g4
h6 21. h4 $18) 20. Qc4 Ke7 (20... Kf7 21. Rd1 Re6 22. Qxc5 $18) 21. Bg5 Nc7 (
21... Rd8 22. Rd1 h6 23. Rxd5 hxg5 24. Rxg5 Rd2+ 25. Kf1 Rd1+ 26. Ke2 $18) 22.
Qe4+ (22. Bxf6+ $142 gxf6 23. Rd1 Ne8 $18) 22... Kd7 23. Rd1+ Rd6 24. Rxd6+
Kxd6 25. Bf4+ Kd7 26. Qe5 (26. Qe5 Rc8 27. Qd6+ Ke8 28. Qxc5 $18) 1-0

[Event "39. Olympiade"]
[Site "Khanty-Mansiysk RUS"]
[Date "2010.09.27"]
[Round "6.18"]
[White "Adams, Michael"]
[Black "Carlsen, Magnus"]
[Result "1-0"]
[WhiteElo "2728"]
[BlackElo "2826"]
[PlyCount "75"]
[EventDate "2010.09.21"]
[EventType "team"]
[EventRounds "11"]
[EventCountry "RUS"]
[WhiteTeam "ENG"]
[BlackTeam "NOR"]

{B06: Moderne Verteidigung} 1. e4 g6 2. d4 Nf6 3. e5 Nh5 4. Be2 d6 5. Nf3 Nc6
6. exd6 exd6 7. d5 Ne7 8. c4 Bg7 9. Nc3 O-O 10. O-O Bg4 11. Re1 Re8 12. h3 Bxf3
13. Bxf3 Nf6 14. Bf4 Nd7 15. Rc1 Ne5 16. b3 a6 17. g3 (17. Be4 Qc8 $16) 17...
Nf5 18. Bg2 g5 19. Bxe5 Bxe5 20. Ne4 Ng7 21. Qd2 h6 22. f4 gxf4 23. gxf4 Bf6
24. Kh2 Nh5 (24... Bh4 25. Rg1 f5 26. Ng3 Bxg3+ 27. Kxg3 Nh5+ 28. Kh2 $14) 25.
Rg1 $16 Kh7 $2 (25... Kh8 $142 $5 $16) 26. Rcf1 $18 Rg8 (26... Kh8 27. Bf3 $18)
27. Qe2 (27. Qd1 $5 Ng7 28. Nxf6+ Qxf6 29. Be4+ Kh8 $18) 27... Ng7 28. Qd3 Kh8
29. Bf3 (29. Nxf6 $6 Qxf6 30. Bf3 Nf5 $11) 29... b5 30. Bd1 (30. cxb5 $6 axb5
31. Rf2 Nf5 32. Rxg8+ Kxg8 33. Qxb5 Bg7 $16) 30... bxc4 31. bxc4 Bh4 (31... Bb2
32. Rf2 Rb8 33. Bb3 $18) 32. Bc2 (32. Ng5 $142 $1 hxg5 33. fxg5 f5 $18) 32...
f5 33. Rg6 Kh7 34. Rfg1 Qe7 35. Ng3 (35. c5 Bg5 36. R6xg5 fxe4 37. Qxe4+ Qxe4
38. Bxe4+ Kh8 $18) 35... Bxg3+ 36. Qxg3 (36. R6xg3 $6 Qf7 $18) (36. R1xg3 $6
Qf7 $16) 36... Qf7 (36... Nh5 37. Qf3 Rxg6 38. Bxf5 Ng7 $18) 37. Bd1 Rae8 38.
Rxh6+ $3 (38. Rxh6+ Kxh6 39. Qg5+ Kh7 40. Qh4+ Qh5 41. Bxh5 Rgf8 42. Bf7+ Nh5
43. Qxh5#) 1-0

[Event "39. Olympiade"]
[Site "Khanty-Mansiysk RUS"]
[Date "2010.09.22"]
[Round "2.29"]
[White "Stellwagen, Daniel"]
[Black "Iljiushenok, Ilia"]
[Result "0-1"]
[WhiteElo "2635"]
[BlackElo "2412"]
[PlyCount "72"]
[EventDate "2010.09.21"]
[EventType "team"]
[EventRounds "11"]
[EventCountry "RUS"]
[WhiteTeam "NED"]
[BlackTeam "RUS4"]

{B37: Sizilianisch (Maroczy-Aufbau)} 1. e4 c5 2. Nf3 Nc6 3. d4 cxd4 4. Nxd4 g6
5. c4 Nf6 6. Nc3 d6 7. Nc2 Bg7 8. Be2 O-O 9. O-O Nd7 10. Bd2 Nc5 11. f3 f5 12.
b4 Ne6 13. exf5 Rxf5 14. Nd5 Ned4 15. Bd3 Nxc2 16. Bxc2 Bxa1 17. Qxa1 Rf7 18.
Bc3 Be6 19. Be4 Bf5 20. Re1 (20. Bxf5 $142 $5 Rxf5 21. b5 $15) 20... Bxe4 $17
21. Rxe4 e5 22. f4 (22. Be1 $5 $17) 22... Ne7 $19 23. fxe5 $2 (23. Qd1 $142
Nxd5 24. Qxd5 $19) 23... Nxd5 24. cxd5 dxe5 25. Rxe5 Qb6+ 26. Bd4 Qxb4 27. h3
Raf8 28. Qc3 (28. Re1 b6 $19) 28... Qxc3 29. Bxc3 Rc8 30. Bd4 (30. Bb4 Rf5 31.
Re7 Rxd5 32. Rxb7 a5 $19) 30... b6 31. d6 Rd7 32. Re6 Rc2 33. Rf6 (33. a3 Ra2
$19) 33... Re2 34. Kf1 (34. a3 Rf7 35. Rf1 Rxf1+ 36. Kxf1 Re4 $19) 34... Re4 (
34... Rxa2 $5 35. Ke1 Rxg2 36. Be3 $19) 35. Bc3 Rf7 36. g3 (36. Kg1 Re3 37. d7
Rxd7 $19) 36... Re6 (36... Re6 37. Rxf7 Kxf7 $19) 0-1

[Event "TCh-CRO"]
[Site "Sibenik"]
[Date "2010.09.11"]
[Round "8"]
[White "Naiditsch, Arkadij"]
[Black "Eljanov, Pavel"]
[Result "1-0"]
[WhiteElo "2674"]
[BlackElo "2761"]
[PlyCount "43"]
[EventDate "2010.09.04"]
[EventType "team"]
[EventRounds "9"]
[EventCountry "CRO"]

{B13: Caro-Kann (Abtausch-Variante 4.c4)} 1. e4 c6 2. d4 d5 3. exd5 cxd5 4. c4
Nf6 5. Nc3 Nc6 6. Bg5 dxc4 7. Bxc4 h6 8. Bh4 e6 9. Nf3 Be7 10. O-O O-O 11. Rc1
b6 12. Bd3 (12. a3 Bb7 13. Ba2 Nd5 14. Bxd5 Bxh4 15. Be4 Bf6 16. Qa4 Rc8 17.
Rfd1 Qe8 18. Ne5 Bg5 19. Rc2 Na5 20. Qxe8 Rfxe8 21. Bxb7 Nxb7 22. g3 Nd6 23. h4
Bf6 24. Ng4 Rc4 25. Nxf6+ gxf6 26. Rcd2 Rec8 {Naiditsch,A (2687)-Le Quang,L 
(2647)/Moskau 2010/1/2-1/2} 27. f3 Kf8 28. Kf2 a5 29. Re2 b5 30. Ne4 Ke7 31.
Nc3 Kd7 32. Ne4 Nxe4+ 33. fxe4 b4 34. axb4 Rxb4 35. Ke3 Rcb8 36. Ra1 a4 37. Rc2
e5 38. dxe5 fxe5 39. Rc3 Ke8 40. Raa3 h5 41. Rc5 f6 {Naiditsch,A (2687)-Le
Quang Liem (2647)/Moskau 2010/1/2-1/2}) 12... Bb7 (12... Nxd4 $4 13. Nxd4 Bb7
14. Re1 $18) 13. Bb1 Rc8 14. Re1 Re8 15. a3 Nh5 16. Qc2 Bxh4 17. Qh7+ $4 {Ein
-  auf diesem Niveau -  erstaunlich grosser Bock, der aber nur einen Gegenbock
provoziert.} (17. d5 $142 f5 18. Rcd1 $11) 17... Kf8 $19 18. d5 Bg5 $4 (18...
Nd4 $142 $1 19. Nxd4 Bxf2+ 20. Kxf2 Qh4+ 21. Kf1 Qxd4 $19) 19. Rcd1 $18 Qf6 20.
d6 (20. dxc6 $142 Bxc6 21. Ne5 $18) 20... g6 21. Nxg5 Rcd8 $2 (21... Rb8 22.
Qxh6+ Qg7 23. Qxg7+ Kxg7 $18) 22. Nxe6+ $1 (22. Nxe6+ Rxe6 23. Rxe6 fxe6 24.
Qxb7 $18) (22. Qxh6+ $6 Qg7 23. Qxg7+ Kxg7 $18) 1-0

[Event "Shanghai Masters"]
[Site "Shanghai CHN"]
[Date "2010.09.06"]
[Round "4"]
[White "Shirov, Alexander"]
[Black "Kramnik, Vladimir"]
[Result "1-0"]
[WhiteElo "2749"]
[BlackElo "2780"]
[PlyCount "75"]
[EventDate "2010.09.03"]
[EventType "tourn"]
[EventRounds "6"]
[EventCountry "CHN"]
[EventCategory "21"]

{E20: Nimzoindisch (Seltene Züge)} 1. d4 Nf6 2. c4 e6 3. Nc3 Bb4 4. f3 c5 5. d5
b5 6. e4 O-O 7. e5 $146 (7. Bg5 h6 (7... exd5 8. cxd5 Re8 9. Qd2 a6 10. Nge2 d6
11. Ng3 Nbd7 12. Be2 c4 13. O-O Bc5+ 14. Kh1 h6 15. Be3 Bxe3 16. Qxe3 Nc5 17.
Qd4 Bd7 18. Rab1 Qb6 19. b4 cxb3 20. axb3 Rac8 21. b4 Na4 22. Qxb6 {Mamedyarov,
S (2721)-Fressinet,L (2658)/Ohrid 2009/1-0}) 8. Bh4 Re8 9. dxe6 Rxe6 10. Nge2
bxc4 11. Nf4 Re8 12. Bxf6 Qxf6 13. Nfd5 Qh4+ 14. g3 Qd8 15. Bxc4 Ba5 16. O-O
Nc6 17. Nb5 d6 18. Nf4 Nd4 19. Nxd4 cxd4 20. Qb3 Re7 21. Bd5 Bb7 {Volkov,S 
(2634)-Himdan,M (2322)/Dubai 2003/1-0}) (7. Bd2 bxc4 8. Bxc4 Ba6 9. b3 exd5 10.
Nxd5 Nxd5 11. Bxd5 Qg5 12. Bxb4 Qxg2 13. Bxc5 Qf1+ 14. Kd2 Qd3+ 15. Ke1 Qf1+
16. Kd2 Qd3+ 17. Ke1 {Volkov,S (2636)-Gershon,A (2556)/Chalkidiki 2002/1/2-1/2}
) (7. cxb5 $143 exd5 8. exd5 Re8+ 9. Kf2 a6 $17) 7... Ne8 8. f4 exd5 9. cxd5 d6
10. Nf3 c4 11. a4 Bg4 12. axb5 Nd7 13. e6 fxe6 14. dxe6 Nb6 15. Be2 Nc7 16. Ng5
Bxe2 17. Qxe2 (17. Kxe2 $143 h6 18. Nf3 Nxe6 $19) 17... d5 (17... Qf6 $142 18.
O-O h6 $11) 18. O-O $16 Qf6 (18... Bc5+ $142 $5 19. Kh1 d4 $18) 19. f5 $18 Rae8
20. Rxa7 $4 (20. Be3 $142 Bxc3 21. bxc3 Nxb5 22. Qh5 $18) 20... Nxe6 $11 21.
Nxe6 Rxe6 22. Qf2 (22. fxe6 $4 Bc5+ 23. Rf2 Qxf2+ 24. Qxf2 Rxf2 $19 (24...
Bxf2+ $6 25. Kh1 $11)) 22... Qe5 (22... Re5 $142 $5 23. Be3 Rxe3 24. Qxe3 d4
25. Qe6+ Qxe6 26. fxe6 dxc3 27. Rxf8+ Kxf8 28. bxc3 Bxc3 $11) 23. g4 $16 (23.
fxe6 $2 Rxf2 24. Kxf2 Qf6+ 25. Ke2 Qxe6+ 26. Kd1 d4 $19) 23... Rg6 24. Qg2 (24.
fxg6 $4 Rxf2 25. Kxf2 Qxh2+ 26. Kf3 Qh3+ (26... hxg6 $6 27. Be3 $17) 27. Kf2
Bc5+ 28. Ke1 d4 $19) 24... Rgf6 25. Bf4 Qd4+ 26. Qf2 Qxf2+ 27. Kxf2 d4 28. Ne4
R6f7 29. Rxf7 Rxf7 30. Ra1 h6 31. Be5 (31. Ra6 Rb7 32. Be5 d3 $18) 31... d3 (
31... Rd7 $142 $5 32. Ra6 Rd5 33. Bxg7 Kxg7 34. Rxb6 d3 $16) 32. Bd4 $18 Rb7
33. h4 Bf8 (33... d2 34. Nc3 Rd7 35. Ke3 $18) 34. Rc1 (34. Kf3 $5 Rb8 35. Nc3
Nc8 $18) 34... Nd5 35. Rxc4 Rxb5 36. Rc8 Kf7 37. g5 (37. Ra8 $142 $18) 37...
Ne7 $4 (37... d2 $142 38. Nxd2 Ne7 39. g6+ Kg8 $16) 38. Nd6+ $18 (38. Nd6+ Kg8
39. Rxf8+ (39. Nxb5 $6 Nxc8 40. gxh6 gxh6 $18) 39... Kxf8 40. Nxb5 Nxf5 41.
Bc5+ Kg8 42. gxh6 Nxh6 43. Nd6 $18) 1-0

[Event "SMM Tribschen - Zuerich"]
[Site "Lucern"]
[Date "2010.08.28"]
[Round "6.1"]
[White "Bindrich, Falko"]
[Black "Bauer, Christian"]
[Result "1-0"]
[WhiteElo "2512"]
[BlackElo "2621"]
[PlyCount "89"]
[EventDate "2010.??.??"]
[EventCountry "SUI"]

{E05: Katalanisch} 1. d4 Nf6 2. c4 e6 3. Nf3 d5 4. g3 Be7 5. Bg2 O-O 6. O-O
dxc4 7. Qc2 a6 8. Qxc4 b5 9. Qc2 Bb7 10. Bd2 Be4 11. Qb3 Nc6 {Schwarz plant b4}
12. e3 Bd5 13. Qc2 Ra7 14. Rc1 Qa8 15. Qd1 b4 16. Qf1 Rd8 17. Be1 e5 18. dxe5
Ng4 19. e6 fxe6 (19... Bxe6 $4 20. Nd4 Rxd4 21. exd4 $18 (21. Bxc6 $6 Rd1 22.
Bxa8 Rxc1 $16)) 20. e4 Bxe4 21. Qc4 Bf5 22. h3 (22. Qxc6 $143 Qxc6 23. Rxc6 Rd1
$11) 22... Na5 23. Qe2 Nf6 24. Ng5 Qc8 25. g4 Bd3 26. Qxe6+ Qxe6 27. Nxe6 Re8
28. f4 c6 29. Nd2 Bd6 30. f5 Rae7 31. Nb3 Nxb3 32. axb3 Be5 (32... g6 33. Rxc6
gxf5 34. gxf5 Bxf5 35. Rxd6 Rxe6 36. Rxe6 Rxe6 37. Bxb4 $16) 33. Ra2 (33. Rxc6
Bxb2 34. Rd1 Be2 $18) 33... h5 (33... c5 $5 34. Rxc5 Bd4+ 35. Bf2 Bxc5 36. Bxc5
Rd7 37. Bxb4 Bb5 $14) 34. Bxb4 $18 (34. Bxc6 $6 Rc8 35. Bxb4 Rb7 $14) 34...
hxg4 (34... Rb7 $142 $5 35. Bc3 Bxc3 36. Rxc3 Bb5 $16) 35. Bxe7 Rxe7 36. Ra5
gxh3 (36... Bxb2 37. Rxc6 gxh3 38. Bxh3 $18) 37. Rxe5 hxg2 38. Rxc6 Bb5 (38...
Re8 39. Rd6 Bf1 40. Re3 $18) 39. Rc8+ Ne8 40. Kxg2 Kf7 (40... Bd7 41. Rcc5 $18)
41. Ng5+ Kf6 42. Rxe7 Kxe7 43. Kg3 Kd7 (43... Bd3 44. Kf4 g6 45. fxg6 Bxg6 46.
Rc6 $18) 44. Rc1 Nf6 (44... Ke7 45. Re1+ Kf8 46. Kf4 $18) 45. Ne6 1-0

[Event "5. NH Chess Tournament"]
[Site "Amsterdam NED"]
[Date "2010.08.19"]
[Round "7"]
[White "Nakamura, Hikaru"]
[Black "Van Wely, Loek"]
[Result "1-0"]
[WhiteElo "2729"]
[BlackElo "2677"]
[PlyCount "33"]
[EventDate "2010.08.12"]
[EventType "schev"]
[EventRounds "10"]
[EventCountry "NED"]

{B94: Sizilianisch (Najdorf-Variante mit 6.Lg5)} 1. e4 c5 2. Nf3 d6 3. d4 cxd4
4. Nxd4 Nf6 5. Nc3 a6 6. Bg5 Nbd7 7. f4 Qb6 8. Qd2 Qxb2 {Da gibt's doch die
bekannte Eselsleiter:  Schlagen auf b2 und die Partie ist bald vorbei.} 9. Rb1
Qa3 10. Bxf6 Nxf6 11. e5 dxe5 12. fxe5 Nd7 $4 $146 {Ganz bestimmt ein
Fingerfehler der seltsamen Art: Ausgerechnet van Wely hat in einer Analyse für
"New in Chess" diesen Zug für nicht spielbar klassiert und stattdessen Sg4 als
einzig möglichen Zug genannt. Dass er trotzdem den falschen Zug macht, ist ein
Phänomen, das sicher mancher Schachspieler kennt.} (12... Ng4 13. Nd5 Qc5 14.
Nb3 Qc6 15. Na5 Qd7 16. Nc4 e6 17. Ncb6 Qc6 18. Nxa8 exd5 19. Be2 b5 20. Qa5
Ne3 21. Nc7+ Kd7 22. Nxb5 Bc5 23. Nd6 Bd4 24. c4 dxc4 25. Bf3 Nxg2+ 26. Bxg2
Qxg2 27. Rf1 {Smith,B (2468)-Laznicka,V (2636)/King of Prussia USA 2010/0-1}) (
12... Ng4 $142 13. Nd5 Qc5 $14 (13... Qxa2 $4 14. Nc7+ Kd7 15. Nde6+ Kc6 16.
Qc3+ Qc4 17. Qxc4+ Kd7 18. Rd1#)) 13. Nd5 $18 Qc5 14. Nb3 Qc6 (14... Qa7 15.
Nc7+ Kd8 16. Nxa8 e6 $18) 15. Na5 Qc5 16. Nxb7 {Genau diese Gewinn-Variante
hatte van Wely in seiner Analyse fuer Weiss angegeben, und erst jetzt merkte
er, dass er genau diese Verlust-Variante spielte.} Qc6 (16... Bxb7 17. Rxb7 Rc8
18. Bxa6 e6 19. Nf6+ Nxf6 20. Bb5+ Qxb5 21. Rxb5 Nd5 $18) 17. Rb6 $3 (17. Rb6
Qxb6 18. Nxb6 $18) 1-0

[Event "49.  Junioren-WM"]
[Site "Chotowa POL"]
[Date "2010.08.12"]
[Round "9"]
[White "Andreikin, Dmitry"]
[Black "Negi, Parimarjan"]
[Result "1-0"]
[WhiteElo "2650"]
[BlackElo "2615"]
[PlyCount "85"]
[EventDate "2010.08.03"]
[EventType "swiss"]
[EventRounds "13"]
[EventCountry "POL"]

{D37: Damengambit (5.Lf4)} 1. c4 e6 2. d4 d5 3. Nf3 Nf6 4. e3 Be7 5. Nc3 O-O 6.
a3 b6 7. cxd5 exd5 8. b4 c5 $146 (8... Ne4 9. Qc2 Nxc3 10. Qxc3 Bf5 11. Be2 Nd7
12. Bb2 Nf6 13. O-O Bd6 14. Ne5 c5 15. dxc5 bxc5 16. bxc5 Ne4 17. Qd3 Bxc5 18.
g4 Be6 19. f3 Qb6 20. Bd4 Bxd4 21. Qxd4 Qxd4 22. exd4 Nc3 23. Ba6 {Malakhov,V 
(2676)-Krasenkow,M (2660)/Kopenhagen 2007/1/2-1/2}) 9. bxc5 bxc5 10. dxc5 Bxc5
11. Be2 Nc6 12. O-O Bf5 13. Bb2 Rb8 14. Na4 Be7 15. Rc1 Na5 16. Be5 Rc8 17.
Rxc8 Bxc8 18. Nc3 Be6 19. Nd4 Qc8 $2 (19... Bd6 $142 $5 20. Bxd6 Qxd6 $16) 20.
Bxf6 $18 Bxf6 21. Nxe6 Qxe6 22. Nxd5 Be5 23. Qd3 Nc6 24. Rd1 Ne7 25. g3 Nxd5
26. Qxd5 Qe7 27. a4 Bc7 28. Qc6 Rd8 29. Rb1 Rb8 $2 (29... Bb6 $142 $18) 30.
Rxb8+ Bxb8 31. Qc8+ Qf8 32. Qb7 a5 33. Qb6 g6 (33... Qd6 34. Qxa5 Bc7 35. Qa8+
Qd8 36. Qf3 $18) 34. Qxa5 Qe7 35. Qd5 Qd6 36. Qxd6 (36. Qa2 $5 Ba7 $18) 36...
Bxd6 37. a5 f6 38. f4 Kf7 39. a6 Bc5 40. Kf2 Ke7 41. Kf3 Ba7 42. e4 Kd6 43. Bc4
1-0

[Event "Arctic Chess Challenge"]
[Site "Tromso NOR"]
[Date "2010.08.03"]
[Round "4"]
[White "Socko, Monika"]
[Black "Khenkin, Igor"]
[Result "1-0"]
[WhiteElo "2477"]
[BlackElo "2632"]
[PlyCount "79"]
[EventDate "2010.07.31"]
[EventType "swiss"]
[EventRounds "9"]
[EventCountry "NOR"]

{B12: Caro-Kann (Vorstoss-Variante)} 1. e4 c6 2. d4 d5 3. e5 c5 4. dxc5 e6 5.
a3 Bxc5 6. b4 Bb6 7. Qg4 Ne7 8. Nf3 Ng6 $146 (8... Kf8 9. Bd3 h6 10. h4 a5 11.
Bb2 axb4 12. axb4 Rxa1 13. Bxa1 Nbc6 14. O-O Nf5 15. Na3 Nce7 16. h5 g6 17.
hxg6 fxg6 18. Nb5 Rh7 19. Nd6 {Zhigalko,S (2621)-Ringoir,T (2406)/Enschede NED
2009/1-0}) 9. Bd3 Nc6 10. Bb2 O-O 11. Qh5 Nce7 12. Nbd2 Nf5 13. g3 a5 14. O-O
h6 15. bxa5 Bxa5 16. Nb3 Bb6 17. Rad1 Qc7 18. Rfe1 Nfe7 19. Nh4 Ra4 20. Ng2 (
20. Nf3 $5 $11) 20... Bd7 $15 21. Ne3 Bxe3 (21... Rd8 $142 $5 $15) 22. Rxe3 $11
Qb6 23. Qe2 Rc8 24. Bd4 Qc7 25. Bc5 Nf5 26. Bxf5 exf5 27. Bd6 Qb6 28. Rxd5 f4
29. Re4 Rxe4 30. Qxe4 Bc6 31. Qf5 Re8 32. Rc5 Qd8 33. Nd2 (33. Qd3 $5 Qg5 34.
e6 Rxe6 35. Rxg5 Re1+ 36. Qf1 Rxf1+ 37. Kxf1 hxg5 38. Ke2 $11) 33... fxg3 $15
34. hxg3 Ne7 35. Qd3 Qd7 36. Kh2 Qg4 (36... Ng6 $142 $11) 37. Bxe7 $16 g5 $4 (
37... Qh5+ $142 38. Bh4 Rxe5 39. Qd8+ Kh7 40. Rxe5 Qxe5 41. Qd3+ Kg8 $16) 38.
Rxc6 $1 $18 bxc6 39. Bf6 (39. Ne4 $142 Qxe4 40. Qxe4 Rxe7 41. a4 $18) 39... Qe6
(39... Rb8 40. c4 $18) 40. Nc4 (40. Nc4 Qd5 41. Qe2 $18) 1-0

[Event "Young Grandmasters Turnier"]
[Site "Biel "]
[Date "2010.07.23"]
[Round "5"]
[White "Caruana, Fabiano"]
[Black "So, Wesley"]
[Result "1-0"]
[WhiteElo "2697"]
[BlackElo "2674"]
[PlyCount "97"]
[EventDate "2010.07.19"]
[EventType "tourn"]
[EventRounds "9"]
[EventCountry "SUI"]
[EventCategory "17"]

{D46: Damengambit (Halbslawisch)} 1. d4 d5 2. c4 c6 3. Nf3 Nf6 4. Nc3 e6 5. e3
Nbd7 6. Qc2 Bd6 7. Bd3 O-O 8. O-O dxc4 9. Bxc4 a6 10. Ng5 (10. Ne4 Nxe4 11.
Qxe4 Qe7 12. Bb3 e5 13. dxe5 Nxe5 14. Nd4 c5 15. Nf5 Bxf5 16. Qxf5 c4 17. Bc2
g6 18. Qe4 Rfd8 19. f4 Nd3 20. Qxc4 Nxc1 21. Raxc1 Qxe3+ 22. Kh1 Rac8 23. Qb3
Qd2 24. f5 Rc7 {Mamedyarov,S (2699)-Ivanchuk,V (2731)/Foros 2006/0-1}) (10. Re1
b5 11. Be2 Qc7 12. e4 e5 13. g3 Re8 14. dxe5 Nxe5 15. Bg5 Nxf3+ 16. Bxf3 Ng4 {
Pelletier,Y (2574)-Roiz,M (2658)/Biel 2009/ 1/2-1/2}) 10... c5 $146 (10...
Bxh2+ 11. Kxh2 Ng4+ 12. Kg1 Qxg5 13. f3 Ngf6 14. e4 Qh4 15. Qf2 Qxf2+ 16. Kxf2
e5 17. Be3 exd4 18. Bxd4 c5 19. Be3 b5 20. Be2 Bb7 21. g4 h6 22. Rfd1 Rfc8 23.
Rd6 Nf8 24. Rc1 c4 25. a4 {Zvjaginsev,V (2654)-Krasenkow,M (2609)/Tripoli 2004/
1/2-1/2}) 11. Nce4 Qc7 12. Nxd6 Qxd6 13. Bd3 h6 14. Nh7 Ng4 15. g3 Rd8 16. h3 (
16. f3 Nxe3 17. Bxe3 cxd4 18. Bd2 $11) 16... cxd4 (16... Nxe3 17. Bxe3 cxd4 18.
Bd2 $15) 17. exd4 (17. hxg4 $142 $5 Ne5 18. g5 Nxd3 19. Qxd3 dxe3 20. Qxe3 $11)
17... Ngf6 $11 18. Bf4 Qe7 (18... Qxd4 $143 19. Nxf6+ Qxf6 20. Bc7 $16) 19.
Nxf6+ Nxf6 20. Rfe1 b5 21. Bc7 Rd7 22. Qc6 Ra7 23. Bb6 Bb7 24. Qc5 Ra8 25. Qxe7
Rxe7 26. a4 Nd7 27. Ba5 bxa4 28. Rxa4 Nb8 29. Bb6 Bc6 30. Rb4 a5 31. Bxa5 Rea7
(31... Rxa5 32. Rxb8+) 32. Bb6 Ra1 33. Rf1 Rxf1+ (33... Bd5 $5 $11) 34. Kxf1
$16 Bf3 35. Ke1 Nc6 36. Rb5 Ne7 37. Kd2 Bc6 38. Ra5 Rb8 39. Bc5 Rxb2+ $4 (39...
Nd5 $142 40. Kc2 g5 $16) 40. Kc3 Rxf2 41. Bxe7 Rf3 42. Kd2 Rxg3 43. Rc5 Bd7 44.
Rc7 Be8 45. Rc8 f6 (45... f5 46. Bd6 (46. Rxe8+ $6 Kf7 47. Bb5 Rb3 $18) 46...
Rg2+ 47. Ke3 $18) 46. Bd6 (46. Rxe8+ $6 Kf7 47. Bb5 Rb3 $18) 46... Rg2+ (46...
Rxd3+ 47. Kxd3 Kf7 $18) 47. Ke3 Kf7 48. Bh7 e5 49. d5 (49. d5 f5 50. Bxf5 Rg3+
51. Kf2 $18) 1-0

[Event "Young Grandmasters Turnier"]
[Site "Biel SUI"]
[Date "2010.07.19"]
[Round "1"]
[White "Howell, David"]
[Black "So, Wesley"]
[Result "0-1"]
[WhiteElo "2616"]
[BlackElo "2674"]
[PlyCount "64"]
[EventDate "2010.07.19"]
[EventType "tourn"]
[EventRounds "9"]
[EventCountry "SUI"]
[EventCategory "17"]

{B13: Caro-Kann (Abtausch-Variante 4.c4)} 1. e4 c6 (1... e5 $5 $11) 2. d4 $16
d5 3. exd5 (3. e5 $5 $16) 3... cxd5 $14 4. Bd3 Nc6 5. c3 Nf6 6. Bf4 Bg4 7. Qb3
Qc8 8. Nd2 e6 9. Ngf3 Be7 10. Kf1 (10. O-O O-O $14) 10... Bh5 11. Re1 a6 12.
Qc2 b5 13. b4 (13. h4 $142 $5 $11) 13... Bg6 $15 14. Bxg6 hxg6 15. Qd3 a5 16.
a3 axb4 17. axb4 Qb7 18. Nb3 O-O 19. h4 Ne4 20. Nfd2 Ra3 21. Rb1 Rfa8 22. Kg1
Nd8 (22... Nf6 $5 $17) 23. Rh3 $11 Qc6 24. Na5 R8xa5 (24... Qxc3 $143 25. Qf1
Qxd2 26. Bxd2 Nxd2 27. Qxb5 Rxh3 28. Qe8+ Bf8 29. gxh3 Nxb1 30. Nb3 $16) 25.
bxa5 Nxc3 (25... Rxc3 $143 26. Qxb5 Rc1+ 27. Nf1 $16) 26. Rb3 Ra1+ 27. Nb1 b4
28. Bd2 Na2 29. Re3 $4 {Fällt b4?} (29. Rb2 $142 $11) 29... Nc1 $19 30. Bxc1
Qxc1+ 31. Kh2 $2 (31. Qf1 Qxf1+ 32. Kxf1 $19) 31... Nc6 32. g3 (32. Re2 Nxa5
33. Rc2 $19) 32... Nxa5 (32... Nxa5 33. Qd2 Nxb3 34. Qxc1 Nxc1 $19) 0-1

[Event "SEM Titelturnier"]
[Site "Lenzerheide"]
[Date "2010.07.14"]
[Round "7"]
[White "Pelletier, Yannick"]
[Black "Kosteniuk, Alexandra"]
[Result "1-0"]
[WhiteElo "2589"]
[BlackElo "2519"]
[PlyCount "73"]
[EventDate "2010.07.08"]
[EventCountry "SUI"]

{E04: Katalanisch} 1. d4 Nf6 2. c4 e6 3. g3 d5 4. Nf3 dxc4 5. Bg2 Bb4+ 6. Bd2
a5 7. Qc2 Bxd2+ 8. Qxd2 c6 9. a4 b5 10. Na3 Ba6 $146 (10... Bd7 11. Ne5 Nd5 12.
e4 Nb4 13. O-O O-O 14. Rfd1 Be8 15. d5 Qd6 16. Ng4 Qc5 17. Ne3 N8a6 18. dxc6
bxa4 19. Naxc4 Bxc6 20. Rac1 h6 21. Nd6 Qa7 22. Ng4 Rad8 23. Nxh6+ gxh6 24.
Qxh6 f6 25. e5 {Anand,V (2787)-Topalov,V (2805)/Sofia BUL 2010/1-0} Bxg2 26.
exf6 Rxd6 27. Rxd6 Be4 28. Rxe6 Nd3 29. Rc2 Qh7 30. f7+ Qxf7 31. Rxe4 Qf5 32.
Re7 {Anand,V (2787)-Topalov,V (2805)/Sofia 2010/ 1-0}) (10... Bd7 $5 $11) 11.
Ne5 $14 Nd5 12. Nxc6 Nxc6 13. axb5 Bxb5 14. Nxb5 O-O 15. e3 Rb8 16. Na3 Rb4 17.
O-O Qb8 18. Rab1 a4 19. Rfd1 Rd8 20. e4 Nf6 21. Qc3 h6 (21... Rc8 $142 $5 $15)
22. Nc2 $16 (22. Nxc4 $143 Rc8 23. Nd6 Qxd6 $17) 22... Rb3 23. Qxc4 Qb6 (23...
Qb5 $5 24. Qxb5 Rxb5 $16) 24. Qxa4 $18 e5 25. d5 Ng4 26. Rd2 (26. Qxc6 $6 Qxf2+
27. Kh1 Nxh2 28. Kxh2 Rxg3 $11) (26. dxc6 $143 Rxd1+ 27. Rxd1 Qxf2+ 28. Kh1
Qxc2 $17) 26... Rxb2 $2 (26... Na5 $18) 27. Rxb2 Qxb2 28. Bf3 Qc3 (28... Nxh2
29. Bh5 Qc3 $18) 29. Bxg4 (29. dxc6 $2 Rxd2 30. Bxg4 Rxc2 (30... Qxc2 $6 31.
Qxc2 Rxc2 32. Bd7 $19) 31. Qa8+ Kh7 $19) (29. Qxc6 Qxf3 30. Qc7 Rf8 $18) 29...
Qxd2 (29... h5 30. Re2 hxg4 31. Qxc6 $18) 30. dxc6 Qc3 (30... h5 31. Bd7 Rf8
32. Kg2 $18) 31. Ne3 Rd4 (31... h5 32. Bd7 Rb8 $18) 32. Qa8+ Kh7 33. Qe8 Qa1+
34. Kg2 Qa7 (34... Rd8 35. Bf5+ g6 36. Qxf7+ Kh8 37. Qf6+ Kg8 38. Be6+ Kh7 39.
Qe7+ Kh8 40. Qxd8+ Kg7 41. Qe7+ Kh8 42. Qf8+ Kh7 43. Qg8#) 35. Bf5+ $18 g6 36.
Bd7 Qa2 (36... Qxd7 37. cxd7 Kg7 38. Qxe5+ f6 39. Qxd4 g5 40. d8=Q Kh7 41.
Q4xf6 g4 42. Qf7#) 37. Nd5 (37. Nd5 Qxd5 38. exd5 Rf4 39. gxf4 Kg7 40. Qxe5+
Kg8 41. c7 f6 42. Qe7 f5 43. c8=Q#) 1-0